Los demonios familiares de Franco / (Record no. 149541)
[ view plain ]
| 000 -LEADER | |
|---|---|
| campo de control de longitud fija | 00639nam a2200205 i 4500 |
| 001 - NÚMERO DE CONTROL | |
| campo de control | 149541 |
| 003 - IDENTIFICADOR DE NÚMERO DE CONTROL | |
| campo de control | ES-MaACL |
| 005 - FECHA Y HORA DE LA ÚLTIMA TRANSACCIÓN | |
| campo de control | 20240502063046.0 |
| 007 - CAMPO FIJO DE DESCRIPCIÓN FÍSICA--INFORMACIÓN GENERAL | |
| campo de control de longitud fija | t| |
| 008 - DATOS DE LONGITUD FIJA--INFORMACIÓN GENERAL | |
| campo de control de longitud fija | 071023s1978 sp ||||1| spa d |
| 020 ## - NÚMERO INTERNACIONAL ESTÁNDAR DEL LIBRO | |
| Número Internacional Estándar del Libro | 84-7235-394-X |
| 100 0# - ENTRADA PRINCIPAL--NOMBRE DE PERSONA | |
| Nombre de persona | Vázquez Montalbán, Manuel, |
| Fechas asociadas al nombre | 1939- |
| 9 (RLIN) | 113463 |
| 245 14 - MENCIÓN DEL TÍTULO | |
| Título | Los demonios familiares de Franco / |
| Mención de responsabilidad, etc. | Manuel Vázquez Montalbán. |
| 250 ## - MENCION DE EDICION | |
| Mención de edición | 1ª ed. |
| 260 ## - PUBLICACIÓN, DISTRIBUCIÓN, ETC. | |
| Lugar de publicación, distribución, etc. | Barcelona : |
| Nombre del editor, distribuidor, etc. | Dopesa, |
| Fecha de publicación, distribución, etc. | 1978. |
| 300 ## - DESCRIPCIÓN FÍSICA | |
| Extensión | 243 p., 2 h., 16 h. con lám. ; |
| Dimensiones | 20 cm. |
| 600 14 - PUNTO DE ACCESO ADICIONAL DE MATERIA--NOMBRE DE PERSONA | |
| Nombre de persona | Franco Bahamonde, Francisco, |
| Fechas asociadas al nombre | 1892-1975 |
| 9 (RLIN) | 52240 |
| 852 ## - LOCALIZACIÓN | |
| Ubicación | ES-MaACL |
| Número de control de estantería | A-9126 |
| Sublocalización o colección | R.98480 |
| Estatus retirado | Estado de pérdida | Estado de daño | No para préstamo | Biblioteca de origen | Biblioteca actual | Ubicación en estantería | Fecha de adquisición | Fuente de adquisición | Total de préstamos | Signatura topográfica completa | Código de barras | Visto por última vez | Precio de reemplazo | Tipo de ítem Koha |
|---|---|---|---|---|---|---|---|---|---|---|---|---|---|---|
| Biblioteca del Ateneo de Madrid | Biblioteca del Ateneo de Madrid | Depósito 1 | 17/01/2008 | A-9126 | 1156051 | 23/02/2023 | 23/02/2023 | Libro impreso |
